00646cam a2200181 a 450000100100000000500170001000800410002704000250006805000220009310000330011524501020014825000110025026000510026130000280031265100690034070000250040970000300043400001305920200929163129.0810226s1966 nyu 001 0 eng  aDO-SdBNPbengcBNPHU00aJK274b.C278 19651 aCarr, Robert Kenneth,d1908-10aAmerican democracy in theory and practice /cessentials of national, state, and local government. a3a ed. aNew York :bHolt, Rinehart and Winston,c1966. a658 p. :bil. ;c24 cm. 0aUnited StatesxPolitics And GovernmentvHandbooks, manuals, etc.1 aBernstein, Marver H.1 aMurphy, Walter F.,d1929-